=LDR 00000nam 2200000 4500 =001 INLIS000000001052478 =005 20240902010322 =035 ##$$a 0010-0924000017 =007 ta =008 240902################d##########0###### =020 ##$$a 978-89-7259-298-6 =082 ##$$a 570 =084 ##$$a 570 BUR s =100 #$$a Burton, Virginia Lee =245 1#$$a Sejarah kehidupan /$c Burton, Virginia Lee =260 ##$$a Seoul :$b Sigongsa,$c 2002 =300 ##$$a 67 hlm : $b ilus ; $c 25,7 x 23,5 cm =650 #4$$a Biologi =990 ##$$a 18701870